00900 2200313 4500001002100000005001500021035002000036007000300056008004100059020002200100040002200122082001600144084001800160090002200178090002200200100002700222245007100249250003400320300004800354650001000402850001200412041000800424264003600432336002100468337003000489338002300519999002200542990002200564INLIS00000000084690620200214083503 a0010-0519000241ta190507s2017 yoia g ind d a978-602-453-190-4 aYOPDYOGbinderda04223a658.104 a658.104 RAT p aDEP 658.104 RAT p aCB-D.11 2017-30200 aRatih Hasanahepenulis10aPenulisan naskah iklan :b(copy writing) /cpenulis, Ratih Hasanah aCetakan pertama: Agustus 2017 ax, 221 halaman :bilustrasi, tabel ;c25 cm 4aIklan aYOPDYOG0 aind31aYogyakarta :bDeepublish,c2017 2rdacontentateks 2rdamediaatanpa perantara 2rdacarrieravolume aCB-D.11/2017-3020 aCB-D.11/2017-3020